Creative garden features : ideas and projects fora food looking garden

Bibliographic Details
Main Author: Sweetinburgh, Roger
Format: Book
Published: Great Britain : Ward Lock Ltd. , 1993
Subjects:

MARC

LEADER 00000cam a2200000 7i4500
001 0000004973
002 000005362
005 20000330.0
020 |a 0706370945 
090 0 0 |a 635.9672   |b SWE 
100 1 |a Sweetinburgh, Roger 
245 0 0 |a Creative garden features :   |b ideas and projects fora food looking garden   |c by Roger Sweetinburgh 
260 |a Great Britain :   |b Ward Lock Ltd. ,   |c 1993 
300 |a 128p. :   |b ill. ;   |c 25cm. 
650 0 0 |a Garden walks 
650 0 0 |a Rock gardens 
999 |a 033163   |b BUKU   |c PINJAMAN   |e PERPUSTAKAAN KOMUNITI PETALING JAYA